书目信息 |
| 题名: |
全国小提琴演奏(业余)考级标准教材
|
|
| 作者: | ;中国音乐家协会音乐考级委员会 编 | |
| 分册: | ||
| 出版信息: | 北京 新华出版社 2005.10 |
|
| 页数: | 171页 | |
| 开本: | 26cm | |
| 丛书名: | ||
| 单 册: | ||
| 中图分类: | J622.1-43 | |
| 科图分类: | ||
| 主题词: | 器乐--理论 , 器乐--奏法 , 器乐--演奏 | |
| 电子资源: | ||
| ISBN: | 7-5011-5038-9 | |
| 000 | 00876nam0 2200241 450 | |
| 001 | 0857400578 | |
| 005 | 20080108155717.10 | |
| 010 | @a7-5011-5038-9@dCNY38.00 | |
| 100 | @a20080108d2005 km y0chiy0120 ea | |
| 101 | 0 | @achi |
| 102 | @aCN@b110000 | |
| 200 | 1 | @a全国小提琴演奏(业余)考级标准教材@Aquan guo xiao ti qin yan zou(ye yu)kao ji biao zhun jiao cai@e9-10级@f中国音乐家协会音乐考级委员会编@Fzhong guo yin yue jia xie hui yin yue kao ji wei yuan hui bian |
| 210 | @a北京@c新华出版社@d2005.10 | |
| 215 | @a171页@d26cm | |
| 517 | 1 | @a9-10级@A9-10 ji |
| 606 | 0 | @a器乐@x理论 |
| 606 | 0 | @a器乐@x奏法 |
| 606 | 0 | @a器乐@x演奏 |
| 690 | @aJ622.1-43@v4 | |
| 711 | 02 | @a中国音乐家协会音乐考级委员会@Azhong guo yin yue jia xie hui yin yue kao ji wei yuan hui@4编 |
| 801 | 0 | @aCN@b大连网信软件有限公司图书馆@c20080108 |
| 905 | @aBZT@dJ622.1-43@e1 | |
| 906 | @dCNY38.00@n0@r1 | |
| 全国小提琴演奏(业余)考级标准教材:9-10级/中国音乐家协会音乐考级委员会编.-北京:新华出版社,2005.10 |
| 171页;26cm |
| ISBN 7-5011-5038-9:CNY38.00 |
| ● |
| 相关链接 |
|
|
|
正题名:全国小提琴演奏(业余)考级标准教材
索取号:J622.1-43/1
 
预约/预借
| 序号 | 登录号 | 条形码 | 馆藏地/架位号 | 状态 | 备注 |
| 1 | 615540 | 2000615540 | 中心书库中库/ 中库020架B面2列6层66/ [索取号:J622.1-43/1] | 在馆 | |
| 2 | 615541 | 2000615541 | 中心书库中库/ 中库020架B面2列6层65/ [索取号:J622.1-43/1] | 在馆 | |
| 3 | 615542 | 2000615542 | 中心书库中库/ 中库020架B面2列6层64/ [索取号:J622.1-43/1] | 在馆 | |
| 4 | 615543 | 2000615543 | 中心书库中库/ 中库020架B面2列6层58/ [索取号:J622.1-43/1] | 在馆 | |
| 5 | 615544 | 2000615544 | 中心书库中库/ 中库020架B面2列6层57/ [索取号:J622.1-43/1] | 在馆 | |
| 6 | 615545 | 2000615545 | 中心书库中库/ 中库020架B面2列6层56/ [索取号:J622.1-43/1] | 在馆 | |
| 7 | 615546 | 2000615546 | 中心书库中库/ 中库020架B面2列6层55/ [索取号:J622.1-43/1] | 在馆 | |
| 8 | 615547 | 2000615547 | 中心书库中库/ 中库020架B面2列6层54/ [索取号:J622.1-43/1] | 在馆 | |
| 9 | 615548 | 2000615548 | 中心书库中库/ 中库020架B面2列6层53/ [索取号:J622.1-43/1] | 在馆 | |
| 10 | 615549 | 2000615549 | 中心书库中库/ 中库020架B面2列6层52/ [索取号:J622.1-43/1] | 在馆 |